| 000 | 01307cam a2200241 4500 | ||
|---|---|---|---|
| 001 | ##L135429 | ||
| 008 | 061026n2006 000 0 eng u | ||
| 035 | _a(Sirsi) u135429 | ||
| 041 | 0 | _aeng | |
| 050 | 0 | 4 | _a338.47624 $2 18 |
| 110 | 2 |
_aColliers CRE _95075 |
|
| 245 | 0 | 0 |
_aResearch _breal estate investment forecasts 06 _b2nd Quarter |
| 260 | 3 |
_aLondon _bColliers CRE _c2006 |
|
| 490 | 0 |
_aReal Estate Investment Forecasts _v2nd quarter 2006 |
|
| 505 | 1 | _aAll property forecasts -- Retail: high street -- Retail: shopping centres -- Retail: out of town -- All retail -- Offices -- Industrial -- REITs | |
| 520 | _aNotes that the economy has seen a pick up in activity over the first six months of 2006 and is now growing back at its long term trend rate. Colliers CRE predict all property total returns of 17.1% by the end of the year, while offices will be the top performing sector with returns of 23.9%. | ||
| 590 | _aIKA311006 NTK | ||
| 650 | 2 | 4 | _aCOLLIERS CRE REAL ESTATE INVESTMENT FORECAST |
| 651 | 4 | _aUnited Kingdom | |
| 690 | _aPROPERTY-COMMERCIAL PROPERTY-COMMERCIAL PROPERTY MARKET | ||
| 856 | 4 | 0 |
_uhttps://www.colliers.com/Content/Repositories/Base/Markets/UnitedKingdom/English/Market_Report/PDFs/REIFQ22006FINAL.pdf _zView the item free of charge at www.collier.com... |
| 942 | _n0 | ||
| 999 |
_c106056 _d106056 |
||